Statistiche per Capitali che terminano con la I

Clicka qui per fare il quiz!

Statistiche generali

  • Questo quiz è stato fatto 49 volte
  • Il punteggio medio è 12 su 16

Statistiche sulle risposte

Popolazione (ab.)ContinenteCapitale% Corretto
648 650EuropaHelsinki
100%
2 229 095EuropaParigi
90%
1 073 533AfricaTunisi
90%
3 415 811AfricaAlgeri
87%
790 000AfricaBangui
80%
1 132 686AfricaKigali
80%
1 158 000AfricaTripoli
80%
4 492OceaniaFunafuti
77%
8 053 663AsiaHanoi
77%
4 574 098AfricaNairobi
77%
257 803AsiaNuova Delhi
70%
163 305AsiaDili
63%
475 332AfricaGibuti
63%
1 171 100AsiaTbilisi
60%
1 450 000AsiaAbu Dhabi
57%
54 000AfricaMoroni
50%

Distribuzione punteggi

Percentile per numero di risposta

Percentuale di utenti per punteggio

I tuoi punteggi nel tempo

Non hai fatto questo quiz